Walden or, life in the woods

Saved in:
Bibliografiske detaljer
Hovedforfatter: Thoreau, Henry David (Author)
Format: Bog
Sprog:engelsk
Udgivet: Nueva York New American Library 1960
Serier:Signet Classic
Fag:
Tags: Tilføj Tag
Ingen Tags, Vær først til at tagge denne postø!

MARC

LEADER 00000nam a2200000 a 4500
001 UCQ2746
003 CL-VaPUC
008 980731e19600000US |||||||||||||||||eng|d
082 0 4 |a 813  |b THO  |2 21 
100 0 |a Thoreau, Henry David  |e author  |9 416799 
245 1 0 |a Walden or, life in the woods 
246 1 0 |a On the duty of civil disobedience 
300 |a 255 p 
942 |c BK 
945 |d 19980731 00:00:00  |a crobeson 
260 |a Nueva York  |b New American Library  |c 1960 
650 0 |a Novelas estadounidenses  |9 265217 
650 0 |a Literatura estadounidense  |9 317168 
583 |a last modification  |c 19980731 00:00:00  |k Rodrigo Vera 
490 0 |a Signet Classic 
999 |c 273516  |d 273514 
952 |0 0  |1 0  |4 0  |6 813_000000000000000_THO_1960  |7 0  |8 A  |9 309142  |a BIBEDU  |b BIBEDU  |d 2019-11-20  |i 1449079  |l 1  |m 1  |o 813 THO 1960  |p 1449079  |r 2023-06-06  |s 2023-05-26  |w 2019-11-20  |y BK  |k LIT 
952 |0 0  |1 0  |4 0  |6 813_000000000000000_THO_1960  |7 0  |8 A  |9 309143  |a BIBEDU  |b BIBEDU  |d 2019-11-20  |i 1449087  |o 813 THO 1960  |p 1449087  |r 2019-11-20  |w 2019-11-20  |y BK  |k LIT 
952 |0 0  |1 0  |4 0  |6 813_000000000000000_THO_1960  |7 0  |8 A  |9 309144  |a BIBEDU  |b BIBEDU  |d 2019-11-20  |i 1449095  |o 813 THO 1960  |p 1449095  |r 2019-11-20  |w 2019-11-20  |y BK  |k LIT